000 00873nab a22001937a 4500
999 _c5846
_d5846
003 OSt
005 20260108021350.0
008 190514b xxu||||| |||| 00| 0 spa d
040 _cPJ
100 _96743
_aMorena, Denisse Micaela
245 1 3 _aLa conservación del centro de vida y la prevalencia del contexto familiar, verdad o consecuencia /
_cDenisse Micaela Morena.
300 _ap. 131-148
505 _aSumario: I. Introducción.— II. Red normativa.— III. El Estado: programas y políticas.— IV. Metodología aplicada.— V. Conclusión.
505 _tSi te interesa el texto, comunicate a koha@justierradelfuego.gov.ar
650 0 _9967
_aDERECHO DE FAMILIA
650 0 _92741
_aDERECHOS DE LAS NIÑAS, NIÑOS Y ADOLESCENTES
773 0 _02844
_93222
_dBuenos Aires : AbeledoPerrot, 1989-
_tDerecho de familia. N° 119 - Mayo 2025
_z18511201
942 _2udc
_cANA